000 00667nam a22001937a 4500
005 20180620105230.0
010 _aENG-123254
020 _a9781108440509
_c495.00
035 _aEN-106786
037 _bDBAD/PUB
082 _a954.7035092
100 _a Reza Pirbhai, M.
245 _aFatima Jinnah :
_cby M. Reza Pirbhai
_bmother of the nation/
260 _aNew Delhi
_bCambridge University Press
_c2017
270 _a314 to 321, 3rd Floor, Plot No. Splendor Forum, Jasola District Centre,
_bNew Delhi
_e110025
300 _a279p.
_c21cm(pbk)
500 _ait includes bibliographical references and index
942 _2ddc
_cEN
_mREZ
_h954.7035092
999 _c152813
_d152813